[Event "Hannover"]
[Site "Hannover"]
[Date "1983.??.??"]
[Round "10"]
[White "Torre, Eugenio"]
[Black "Giorgadze, Tamaz"]
[Result "1/2-1/2"]
[WhiteElo "2570"]
[BlackElo "2495"]

1.d4 Nf6 2.Nf3 e6 3.c4 d5 4.g3 Be7 5.Bg2 O-O 6.O-O dxc4 7.Qc2 a6 8.Qxc4 b5
9.Qc2 Bb7 10.Bf4 Nc6 11.Nc3 Nb4 12.Qb1 c5 13.dxc5 Bxc5 14.Be5 Ng4 15.Ne4 Bxe4
16.Qxe4 Nxe5 17.Nxe5 Rc8 18.Rad1 Nd5 19.Qb1 Qc7 20.Nd3 Nb6 21.Rc1 Qe7 22.Nxc5 Rxc5
23.Rxc5 Qxc5 24.Rc1 Qe5 25.Rc6 Na4 26.Rxa6 g6 27.Bf3 Nxb2 28.Qe4 Qc3 29.Kg2 Nc4
30.Qc6 Qe1 31.Qxb5 Nd2 32.e3 Nxf3 33.Kxf3 Qh1+ 34.Ke2 Rc8 35.Rd6 Qxh2 36.Rc6 Rd8
37.Rd6 Rc8 38.Qa5 Rc2+ 39.Rd2 Rxd2+ 40.Qxd2 Qh5+  1/2-1/2

[Event "Hannover"]
[Site "Hannover"]
[Date "1983.??.??"]
[Round "13"]
[White "Sosonko, Gennadi"]
[Black "Chen De"]
[Result "1-0"]
[WhiteElo "2575"]
[BlackElo "2320"]

1.d4 Nf6 2.c4 e6 3.g3 d5 4.Bg2 Be7 5.Nf3 O-O 6.O-O dxc4 7.Qc2 a6 8.Qxc4 b5
9.Qc2 Bb7 10.Bd2 Nc6 11.e3 Qb8 12.Rc1 Rc8 13.Ne1 Nd8 14.Nd3 Be4 15.Bxe4 Nxe4
16.Bb4 Bxb4 17.Nxb4 Qb7 18.Nd2 Nxd2 19.Qxd2 Qb6 20.Nd3 c6 21.Rc2 a5 22.Rac1 Rc7
23.Qe2 Rac8 24.Nc5 Nb7 25.Nxb7 Qxb7 26.Qf3 h6 27.Rc5 a4 28.Kg2 Qa6 29.h4 b4
30.R1c4 Rb8 31.Qf4 Qc8 32.Ra5 a3 33.bxa3 bxa3 34.Rxa3 Rb1 35.Rca4 Qd7 36.Qe4 Rb8
37.Rc3 Ra7 38.Rxa7 Qxa7 39.a3 Rb6 40.Qe5 Qa6 41.Qc5 g6 42.a4 h5 43.Rc4 Qb7
44.Kh2 Qa6 45.Kg2 Qb7 46.Rc2 Qa6 47.Qc4 Qa5 48.Ra2 Kg7 49.Qc5 Qa6 50.Ra1 Rb2
51.a5 Kg8 52.Qd6 Qe2 53.Qf4 Qa6 54.Qf3 Kg7 55.Qd1 Kg8 56.Ra3 Rb5 57.Qd3 Kg7
58.e4 Kh7 59.Ra1 Kg7 60.Ra4 Kh7 61.Ra3 Kg7 62.Qe2 Kh7 63.d5 cxd5 64.exd5 exd5
65.Rf3 Qb7 66.a6 Qd7 67.Rxf7+ Qxf7 68.Qxb5 Qf5 69.Qe8  1-0

[Event "Havana-B"]
[Site "Havana"]
[Date "1983.??.??"]
[Round "7"]
[White "Nogueiras, Jesus"]
[Black "Pilarte, Rene"]
[Result "1-0"]
[WhiteElo "2490"]
[BlackElo "2320"]

1.d4 d5 2.Nf3 e6 3.c4 Be7 4.g3 Nf6 5.Bg2 O-O 6.O-O dxc4 7.Na3 c5 8.Nxc4 Nc6
9.dxc5 Bxc5 10.a3 a5 11.Bf4 Nd5 12.Qc2 Nxf4 13.gxf4 Be7 14.e3 f6 15.Rac1 Ra6
16.Rfd1 Qc7 17.Nfd2 Rd8 18.Ne4 Rd5 19.Nc3 Rc5 20.Na4 Rh5 21.Qd2 g5 22.Nd6 Bxd6
23.Qxd6 Qxd6 24.Rxd6 Kf7 25.Bxc6 Rxc6 26.Rdxc6 bxc6 27.Rxc6 Bd7 28.Rc7 Ke8
29.Nc5 Bb5 30.Nxe6 gxf4 31.exf4 Rd5 32.Kg2 Rd2 33.b3 Bd3 34.Kg3 Bf5 35.Nc5 Rc2
36.f3 Ra2 37.b4 axb4 38.axb4 Rb2 39.Rb7 Kd8 40.Ne4 Kc8 41.Nd6+  1-0

[Event "Havana"]
[Site "Havana"]
[Date "1983.??.??"]
[Round "7"]
[White "Remon, Adelquis"]
[Black "Diaz, Joaquin C"]
[Result "1/2-1/2"]
[WhiteElo "2375"]
[BlackElo "2365"]

1.d4 d5 2.c4 e6 3.g3 Nf6 4.Bg2 Be7 5.Nf3 O-O 6.O-O dxc4 7.Nbd2 b5 8.a4 c6
9.axb5 cxb5 10.Nh4 Nd5 11.e4 Nb4 12.e5 N8c6 13.Ne4 Qxd4 14.Nf6+ Bxf6 15.Qxd4 Nxd4
16.exf6 Nd5 17.fxg7 Kxg7 18.Be3 Nc2 19.Rxa7 Ncxe3 20.Rxa8 Nxf1 21.Kxf1 Bb7
22.Ra7 Bc6 23.Nf3 Rd8 24.Nd4 Rd6 25.Bxd5 Bxd5 26.Nxb5 Rb6 27.Ra5 Bc6 28.Nd4 Be4
29.Nb5 e5 30.Ke1 Bd3 31.Kd2 e4 32.Ke3  1/2-1/2

[Event "Havana"]
[Site "Havana"]
[Date "1983.??.??"]
[Round "9"]
[White "Remon, Adelquis"]
[Black "Hernandez, Roman"]
[Result "0-1"]
[WhiteElo "2375"]
[BlackElo "2435"]

1.d4 Nf6 2.c4 e6 3.g3 d5 4.Bg2 Be7 5.Nf3 O-O 6.O-O c5 7.cxd5 exd5 8.dxc5 Bxc5
9.Nc3 Nc6 10.Bg5 d4 11.Bxf6 Qxf6 12.Nd5 Qd8 13.Ne1 Re8 14.Nd3 Bf8 15.a3 Bh3
16.Bxh3 Qxd5 17.Bg2 Qb5 18.b4 a5 19.a4 Qb6 20.b5 Nb4 21.Qd2 Rad8 22.Rac1 Nd5
23.Bxd5 Rxd5 24.Rc4 g5 25.Rfc1 Qe6 26.R1c2 Qh3 27.Qxa5 Re6 28.f3 Rh6 29.e4 dxe3
30.Ne1 Rhd6 31.Re2 Rd2 32.Rc2 Rxc2 33.Rxc2 Rd2  0-1

[Event "Havana-B"]
[Site "Havana"]
[Date "1983.??.??"]
[Round "11"]
[White "Nogueiras, Jesus"]
[Black "Ortega, Lexy"]
[Result "1/2-1/2"]
[WhiteElo "2490"]
[BlackElo "2425"]

1.d4 Nf6 2.c4 e6 3.Nf3 d5 4.g3 Be7 5.Bg2 O-O 6.O-O b6 7.cxd5 exd5 8.Nc3 Bb7
9.Bf4 Na6 10.Qc2 c5 11.Rad1 Qc8 12.Be5 h6 13.Nh4 Ne4 14.Nxd5 Bxd5 15.Bxe4 Nb4
16.Nf5 Qxf5 17.Bxf5 Nxc2 18.Bxc2 Bxa2 19.Be4 Rae8 20.Ra1 Bc4 21.Rxa7 cxd4
22.Bxd4 Bf6 23.Bxf6 Rxe4 24.Bc3 Rxe2 25.Rd1 b5 26.h4 Rfe8  1/2-1/2

[Event "Indonesia"]
[Site "Indonesia"]
[Date "1983.??.??"]
[Round "8"]
[White "Hulak, Krunoslav"]
[Black "Adianto, Utut"]
[Result "1-0"]
[WhiteElo "2530"]
[BlackElo "2385"]

1.Nf3 Nf6 2.c4 e6 3.g3 d5 4.d4 Be7 5.Bg2 O-O 6.O-O dxc4 7.Qc2 a6 8.a4 Nbd7
9.Nbd2 c5 10.dxc5 Bxc5 11.Nxc4 Qe7 12.Bf4 Nd5 13.Bd2 b6 14.Ng5 g6 15.Ne4 Bb7
16.Nxc5 Qxc5 17.Qb3 Rfc8 18.Rac1 Qe7 19.e4 N5f6 20.Bb4 Nc5 21.Nxb6 Nxb3 22.Rxc8+ Qe8
23.Rxe8+ Rxe8 24.f3 g5 25.g4 Bc6 26.Rd1 Rb8 27.Bc3 Rxb6 28.Bxf6 Rb8 29.Bxg5 Bxa4
30.Bf1 Kg7 31.Bf4 Rb6 32.Be5+ f6 33.Bc3 Kg6 34.Rd8 Bb5 35.h4 Bxf1 36.Kxf1 e5
37.h5+ Kg5 38.Kf2 Nd4 39.Rg8+ Kh4 40.Rg7  1-0

[Event "URS-ch sf"]
[Site "Irkutsk"]
[Date "1983.??.??"]
[Round "?"]
[White "Palatnik, Semon"]
[Black "Pigusov, Evgeny"]
[Result "0-1"]
[WhiteElo "2480"]
[BlackElo "2430"]

1.c4 e6 2.Nf3 Nf6 3.g3 d5 4.d4 Be7 5.Bg2 O-O 6.O-O dxc4 7.Ne5 Nc6 8.Nxc6 bxc6
9.Na3 Bxa3 10.bxa3 Ba6 11.Bxc6 Rb8 12.Qa4 Rb6 13.Bg2 Bb5 14.Qxa7 Bc6 15.Bxc6 Rxc6
16.Bd2 c3 17.Rfc1 Ne4 18.Be1 Qd5 19.Rc2 Rc4 20.Rb1 Rxd4 21.f3 Nd2 22.Rb8 Rc4
23.Rxf8+ Kxf8 24.Qe3 Nb1 25.Kg2 Nxa3 26.Rxc3 Nc2 27.Qc1 Nxe1+ 28.Qxe1 Rxc3
29.Qxc3 Qxa2 30.Qb4+ Ke8 31.Qb5+ Kd8 32.Qb8+ Kd7 33.Qb5+ Kd6 34.Qb4+ c5 35.Qb6+ Kd5
36.Qb7+ Kd4 37.Kf2 c4 38.Qxf7 c3 39.Qxg7+ Kc4 40.Qc7+ Kb3 41.Qb7+ Ka3 42.Qa7+  0-1

[Event "URS-ch sf"]
[Site "Irkutsk"]
[Date "1983.??.??"]
[Round "?"]
[White "Polovodin, Igor A"]
[Black "Lputian, Smbat G"]
[Result "1/2-1/2"]
[WhiteElo "2435"]
[BlackElo "2495"]

1.d4 Nf6 2.c4 e6 3.Nf3 d5 4.g3 Be7 5.Bg2 O-O 6.O-O c6 7.Qc2 Nbd7 8.b3 b6
9.Rd1 Ba6 10.Nbd2 Rc8 11.e4 c5 12.exd5 exd5 13.Bb2 Bb7 14.Qf5 dxc4 15.Nxc4 b5
16.Ne3 Be4 17.Qf4 c4 18.d5 c3 19.Bxc3 Rxc3 20.d6 Rc5 21.dxe7 Qxe7 22.Qd6 Qd8
23.Rac1 Rxc1 24.Rxc1 Re8 25.Nd2 Bxg2  1/2-1/2

[Event "URS-ch sf"]
[Site "Irkutsk"]
[Date "1983.??.??"]
[Round "?"]
[White "Polovodin, Igor A"]
[Black "Timoshchenko, Gennadi A"]
[Result "1/2-1/2"]
[WhiteElo "2435"]
[BlackElo "2440"]

1.d4 Nf6 2.c4 e6 3.Nf3 d5 4.g3 Be7 5.Bg2 O-O 6.O-O dxc4 7.Qc2 a6 8.a4 Bd7
9.Rd1 Bc6 10.Nc3 Bxf3 11.Bxf3 Nc6 12.Bxc6 bxc6 13.a5 Qb8 14.Ra4 Qb3 15.Qxb3 cxb3
16.Rc4 Rfb8 17.Bf4 Nd5 18.Rxc6 Nxf4 19.gxf4 Bb4 20.Ra1 Ra7 21.e3 Kf8 22.Ne2  1/2-1/2

[Event "URS-ch sf"]
[Site "Irkutsk"]
[Date "1983.??.??"]
[Round "?"]
[White "Timoshchenko, Gennadi A"]
[Black "Pigusov, Evgeny"]
[Result "1/2-1/2"]
[WhiteElo "2440"]
[BlackElo "2430"]

1.d4 Nf6 2.c4 e6 3.g3 d5 4.Nf3 Be7 5.Bg2 O-O 6.O-O dxc4 7.Qc2 a6 8.a4 Bd7
9.Qxc4 Bc6 10.Bg5 Bd5 11.Qc2 Be4 12.Qd1 c5 13.Nbd2 Bc6 14.dxc5 Bxc5 15.Qc2 Nbd7
16.Bxf6 gxf6 17.Nb3 Rc8 18.Nxc5 Nxc5 19.Qxc5 Bxf3 20.Qb4 Bxg2 21.Kxg2 Qd5+
22.Kg1 Rc4 23.Qe7 Kg7 24.Ra3 h6 25.Rd3 Qe5 26.Qxb7 Rxa4 27.Re3 Rb8 28.Qc6 Qb5
29.Qxb5 Rxb5 30.b3 Ra3 31.Rb1 a5 32.Kg2 Rb4 33.Rb2 f5 34.f4 Kf6 35.Kf2  1/2-1/2

[Event "URS-ch sf"]
[Site "Irkutsk"]
[Date "1983.??.??"]
[Round "?"]
[White "Timoshchenko, Gennadi A"]
[Black "Tavadian, Ragik"]
[Result "1/2-1/2"]
[WhiteElo "2440"]
[BlackElo "2260"]

1.d4 Nf6 2.c4 e6 3.g3 d5 4.Nf3 Be7 5.Bg2 O-O 6.O-O dxc4 7.Qc2 a6 8.a4 Bd7
9.Qxc4 Bc6 10.Bg5 Nbd7 11.Nc3 a5 12.Rfe1 Nb6 13.Qd3 Nfd5 14.Bxe7 Qxe7 15.Nxd5 exd5
16.b3 Nd7 17.Rec1 Nf6 18.Ne5 Be8 19.Qd2 c6 20.Rc5 Nd7 21.Nxd7 Bxd7 22.Rxa5 Rxa5
23.Qxa5 Qxe2 24.Qb4 Bc8 25.Re1 Qd3 26.a5 g6 27.h4 Kg7 28.Bf1 Qf5 29.Re5 Qf6
30.Qd2 Bf5 31.b4 Be4 32.Bg2 Bxg2 33.Kxg2 h5 34.Qe3 Qd6 35.Qe1 Ra8 36.Re7 b6
37.axb6 Rb8 38.Ra7 Rxb6 39.Qe8 Qf8 40.Qe5+ Kg8 41.Re7 Rb8 42.f4 Ra8 43.f5 gxf5
44.Rc7 Qg7 45.Qxg7+ Kxg7 46.Rxc6 Rb8 47.Rc5 Rxb4 48.Rxd5 Kf6 49.Kf3 Ke6 50.Re5+ Kf6
51.Ke3 Rb1 52.Kd2 Rb2+ 53.Kc3 Rf2 54.Kd3 f4 55.gxf4 Rxf4 56.Rxh5 Kg6 57.Rg5+ Kf6
58.Rh5 Kg6 59.Rh8 Kg7 60.Re8 Rxh4 61.d5 f5 62.d6 Rh6 63.Rd8 Kf7 64.Kd4 f4
65.Kd5 f3 66.d7  1/2-1/2

[Event "Toth mem"]
[Site "Kecskemet"]
[Date "1983.??.??"]
[Round "?"]
[White "Mikhalchishin, Adrian"]
[Black "Eslon, Jaan"]
[Result "1-0"]
[WhiteElo "2465"]
[BlackElo "2430"]

1.d4 d5 2.c4 e6 3.g3 Nf6 4.Bg2 Be7 5.Nf3 O-O 6.Qc2 b6 7.O-O Bb7 8.Rd1 dxc4
9.Qxc4 c5 10.Nc3 Qc8 11.dxc5 Nbd7 12.Be3 Nxc5 13.Qf4 Nd5 14.Nxd5 Bxd5 15.Ne5 Bxg2
16.Kxg2 Bf6 17.Rd2 Qb7+ 18.f3 Rad8 19.Rad1 Rd5 20.Ng4 Bg5 21.Qc4 Bxe3 22.Nxe3 Rxd2
23.Rxd2 Qe7 24.Qd4 e5 25.Qd5 g6 26.Ng4 Re8 27.Qc6 Kg7 28.b4 h5 29.Nf2 Ne6
30.Rd7 Qxb4 31.Rxa7 Kf8 32.Nd3 Qd2 33.Kf2 Nc5 34.Nxc5 Qd4+ 35.Kg2 Qxc5 36.Qxc5+ bxc5
37.Rc7 e4 38.Rxc5 Ra8 39.Rc2 exf3+ 40.Kxf3 Ra3+ 41.Ke4 Ke7 42.Kd5 f5 43.Kc5 h4
44.Kb4 Re3 45.a4 hxg3 46.hxg3 Rxg3 47.a5 Rg1 48.Ra2 Rb1+ 49.Kc5 Rb8 50.a6 g5
51.Kc6 Kf6 52.a7 Ra8 53.Kb7 Rxa7+ 54.Rxa7 g4 55.Kc6 Ke5 56.Kc5 g3 57.Kc4 Kf4
58.Kd3  1-0

[Event "Nis"]
[Site "Nis"]
[Date "1983.??.??"]
[Round "8"]
[White "Rogers, Ian"]
[Black "Keca, Dragomir"]
[Result "1/2-1/2"]
[WhiteElo "2450"]
[BlackElo "2200"]

1.d4 d5 2.c4 e6 3.Nf3 Nf6 4.g3 Be7 5.Bg2 O-O 6.O-O dxc4 7.Ne5 Nc6 8.Nxc6 bxc6
9.Na3 Bxa3 10.bxa3 Rb8 11.Qa4 Qxd4 12.Be3 Qe5 13.Qxc4 Nd5 14.Bc5 Nb6 15.Qc2 Rd8
16.Rad1 Ba6 17.Bf3 Bb5 18.Be3 Ba4 19.Rxd8+ Rxd8 20.Qc1 Qb5 21.Qc3 Nd5 22.Qd2 c5
23.Bg5 Rd7 24.Be4 Nb6 25.Qe3 c4 26.Bf4 Qa5 27.Be5 Qd2 28.Qf3 f5 29.Bb1 Qd5
30.Qe3 Bc6 31.f3 Qd2 32.Qxd2 Rxd2 33.Kf2 Ba4 34.Rc1 Rd7 35.h4 g6 36.g4 c6
37.h5 Rd1 38.Rxd1 Bxd1 39.gxf5 exf5 40.a4 Bxa4 41.hxg6 hxg6 42.e4 fxe4 43.Bxe4 Kf7
44.Bd4 Nc8 45.Ke3 Nd6  1/2-1/2

[Event "Nis"]
[Site "Nis"]
[Date "1983.??.??"]
[Round "12"]
[White "Pavlovic, Dragan"]
[Black "Maksimovic, Branimir"]
[Result "1/2-1/2"]
[WhiteElo "2345"]
[BlackElo "2380"]

1.d4 Nf6 2.c4 e6 3.Nf3 d5 4.g3 Be7 5.Bg2 O-O 6.O-O Nbd7 7.Qc2 c6 8.Nbd2 b6
9.e4 Bb7 10.b3 Rc8 11.Bb2 c5 12.exd5 exd5 13.Nh4 g6 14.dxc5 Nxc5 15.Rad1 Rc7
16.Qb1 Ng4 17.h3 Nf6 18.Nhf3 Qa8 19.Ne5 dxc4 20.Bxb7 Qxb7 21.Ndxc4 Nfe4 22.Ne3 Nf6
23.N5g4 Nxg4 24.hxg4 Qf3 25.Rd5 Ne4 26.Qd1 Qxd1 27.Rfxd1 Nc3 28.Bxc3 Rxc3
29.Kg2 Bc5 30.R1d3 Rxd3 31.Rxd3 Re8 32.Kf3 h6 33.Nd5 Kg7 34.b4 Bf8 35.a3 Re1  1/2-1/2

[Event "Nordic-tt"]
[Site "Oslo"]
[Date "1983.??.??"]
[Round "?"]
[White "Petursson, Margeir"]
[Black "Hoi, Carsten"]
[Result "0-1"]
[WhiteElo "2465"]
[BlackElo "2370"]

1.d4 Nf6 2.c4 e6 3.Nf3 d5 4.g3 Be7 5.Bg2 O-O 6.O-O c6 7.Qc2 Nbd7 8.b3 b5
9.Bf4 Ba6 10.Nbd2 Rc8 11.c5 Nh5 12.Rfe1 h6 13.e3 g5 14.Bd6 Bxd6 15.cxd6 Nhf6
16.b4 Ne8 17.Ne5 Nxd6 18.Nb3 Nxe5 19.dxe5 Nb7 20.Rac1 Qe7 21.Qc3 f5 22.exf6 Qxf6
23.Qxf6 Rxf6 24.e4 Nd8 25.Rc3 Bb7 26.Rec1 Rb8 27.Kf1 Nf7 28.Re1 Rf8 29.e5 Rf5
30.Rce3 g4 31.Nd4 Ng5 32.Nxf5 exf5 33.Ke2 Kf7 34.f4 gxf3+ 35.Bxf3 Ke6 36.Kd3 a5
37.h4 Ne4 38.Bxe4 fxe4+ 39.Kd4 axb4 40.Rb1 Rf2 41.a4 Rc2  0-1

[Event "EU-chT Plovdiv"]
[Site "Plovdiv"]
[Date "1983.??.??"]
[Round "6"]
[White "Sosonko, Gennadi"]
[Black "Radulov, Ivan"]
[Result "1-0"]
[WhiteElo "2585"]
[BlackElo "2495"]

1.d4 d5 2.Nf3 e6 3.g3 Nf6 4.Bg2 Be7 5.c4 O-O 6.O-O c6 7.Qc2 b6 8.b3 Nbd7
9.Rd1 Ba6 10.Nbd2 Rc8 11.e4 c5 12.exd5 exd5 13.Bb2 cxd4 14.Nxd4 b5 15.Qf5 bxc4
16.bxc4 Qb6 17.Rab1 dxc4 18.Ba3 Bxa3 19.Rxb6 axb6 20.Nc6 Rfe8 21.Nb1 Bc5
22.Nc3 g6 23.Qb1 Ne5 24.Nb4 Nd3 25.Nxa6 Bxf2+ 26.Kh1 Bd4 27.Rf1 Bxc3 28.Qxb6 Rcd8
29.Bc6 Rd6 30.Qb5 Re2 31.Qb8+ Kg7 32.Qxd6 Ng4 33.Bg2 Ne3 34.Qe7 Ne5 35.Nc7 Nxf1
36.Ne6+  1-0

[Event "Rubinstein mem"]
[Site "Polanica Zdroj"]
[Date "1983.??.??"]
[Round "7"]
[White "Sygulski, Artur"]
[Black "Hresc, Vladimir"]
[Result "1/2-1/2"]
[WhiteElo "2390"]
[BlackElo "2450"]

1.d4 d5 2.c4 e6 3.Nf3 Nf6 4.g3 Be7 5.Bg2 O-O 6.O-O dxc4 7.Qc2 a6 8.Qxc4 b5
9.Qc2 Bb7 10.Rd1 Qc8 11.Bg5 Nbd7 12.Ne5 Bxg2 13.Kxg2 c5 14.Nxd7 Qxd7 15.dxc5 Qc6+
16.f3 Qxc5 17.Qxc5 Bxc5 18.Bxf6 gxf6 19.Nc3 Rfd8 20.Rxd8+ Rxd8 21.Rd1 Rxd1
22.Nxd1 Kf8 23.f4 f5 24.Kf3 Ke7 25.g4 fxg4+ 26.Kxg4 f5+ 27.Kf3 Kd6 28.e3 Kd5
29.b3 Be7 30.Nf2 Bf6 31.Nd3 a5 32.h3 a4 33.Nb4+ Kc5 34.Nd3+ Kc6 35.Nb4+ Kb6
36.Ke2 Kc5 37.Nc2 Bg7 38.Kd3 e5 39.fxe5 Bxe5 40.Ke2 Kd5 41.Kf3 Kc5 42.Ke2 Bc3
43.Kd3 axb3 44.axb3 b4 45.e4 f4 46.e5 Kd5 47.e6 Kxe6 48.Ke4 Bd2 49.Nxb4 Bxb4
50.Kxf4  1/2-1/2

[Event "Prague"]
[Site "Prague"]
[Date "1983.??.??"]
[Round "3"]
[White "Mozny, Milos"]
[Black "Modr, Bretislav"]
[Result "1/2-1/2"]
[WhiteElo "2260"]
[BlackElo "2305"]

1.d4 Nf6 2.c4 e6 3.Nf3 d5 4.g3 Be7 5.Bg2 O-O 6.O-O dxc4 7.Ne5 Nc6 8.Nxc6 bxc6
9.Na3 Bxa3 10.bxa3 Nd5 11.Qa4 Nb6 12.Qxc6 Rb8 13.Qc5 Qd6 14.Bf4 Qxc5 15.dxc5 Nd5
16.Bxd5 exd5 17.Rfd1 Be6 18.Bxc7 Rb2 19.e3 Rc8 20.Bd6 c3 21.Rdc1 c2 22.Be5 Rb5
23.Rxc2 Rbxc5 24.Rxc5  1/2-1/2

[Event "Prague"]
[Site "Prague"]
[Date "1983.??.??"]
[Round "9"]
[White "Adamski, Jan"]
[Black "Mozny, Milos"]
[Result "1/2-1/2"]
[WhiteElo "2425"]
[BlackElo "2260"]

1.d4 d5 2.c4 e6 3.Nf3 Nf6 4.g3 Be7 5.Bg2 O-O 6.O-O dxc4 7.Qc2 a6 8.a4 c5
9.dxc5 Bxc5 10.Nbd2 Nc6 11.Nxc4 Bd7 12.Rd1 Qe7 13.Bg5 Nb4 14.Qc1 Bc6 15.Nfe5 Rad8
16.Rxd8 Rxd8 17.Nxc6  1/2-1/2

[Event "Prague"]
[Site "Prague"]
[Date "1983.??.??"]
[Round "11"]
[White "Adamski, Jan"]
[Black "Abramovic, Bosko"]
[Result "1/2-1/2"]
[WhiteElo "2425"]
[BlackElo "2475"]

1.d4 Nf6 2.c4 e6 3.Nf3 d5 4.g3 Be7 5.Bg2 O-O 6.O-O b6 7.Nc3 Bb7 8.cxd5 exd5
9.Qc2 Na6 10.Rd1 Qc8 11.Bf4 Rd8 12.Rac1 c5 13.Be5 h6 14.a3 Qe6 15.Bxf6 Bxf6
16.e3 Rac8 17.Qa4 Ra8 18.b4  1/2-1/2

[Event "Prague"]
[Site "Prague"]
[Date "1983.??.??"]
[Round "13"]
[White "Pekarek, Ales"]
[Black "Modr, Bretislav"]
[Result "1/2-1/2"]
[WhiteElo "2335"]
[BlackElo "2305"]

1.d4 Nf6 2.c4 e6 3.Nf3 d5 4.g3 Be7 5.Bg2 O-O 6.O-O dxc4 7.Ne5 Nc6 8.Nxc6 bxc6
9.Bxc6 Rb8 10.Nc3 Bb7 11.Bxb7 Rxb7 12.e3 c5 13.dxc5 Bxc5 14.Qf3 Qc8 15.Na4 Rd7
16.Nxc5 Qxc5 17.e4 Qc6 18.Re1 Rd3 19.Qg2 a6 20.Bf4 Qb5 21.Rab1 e5 22.Bg5 Nd7
23.Qh3 Re8 24.Qg4 Re6 25.h4 h6 26.Be3 Nf6 27.Qf3 Qc6 28.Rbc1 Nxe4 29.Rc2 Qd5
30.Qg4 Nd6 31.h5 f5 32.Qh3 Re8 33.b3 c3 34.Qg2 f4 35.Qxd5+ Rxd5 36.Bc1 fxg3
37.Rxc3 gxf2+ 38.Kxf2 e4 39.Rc6 a5 40.Rg1 Rf8+ 41.Ke2 Nf5 42.Bb2 e3 43.Bc3 Re8
44.Rc7 g5 45.hxg6 Nd4+ 46.Bxd4 Rxd4 47.Rd1 Rg4 48.Rdd7 Rxg6 49.Re7 Rg2+ 50.Kxe3 Rxe7+
51.Rxe7 Rxa2 52.Rb7  1/2-1/2

[Event "Sarajevo"]
[Site "Sarajevo"]
[Date "1983.??.??"]
[Round "?"]
[White "Sveshnikov, Evgeny"]
[Black "Gligoric, Svetozar"]
[Result "1/2-1/2"]
[WhiteElo "2505"]
[BlackElo "2510"]

1.d4 Nf6 2.Nf3 e6 3.g3 d5 4.c4 Be7 5.Bg2 O-O 6.O-O c5 7.cxd5 Nxd5 8.e4 Nb6
9.dxc5 Bxc5 10.Qe2 Nc6 11.Rd1 Bd7 12.Nc3 e5 13.Be3 Bxe3 14.Qxe3 Re8 15.Rac1 Qf6
16.Nb5 Rab8 17.h3 Red8 18.b3 Be8 19.Qc5 Nd7 20.Qe3 Nf8 21.Nc7 Rxd1+ 22.Rxd1  1/2-1/2

[Event "Tilburg"]
[Site "Tilburg"]
[Date "1983.??.??"]
[Round "?"]
[White "Sosonko, Gennadi"]
[Black "Karpov, Anatoly"]
[Result "1/2-1/2"]
[WhiteElo "2575"]
[BlackElo "2710"]

1.d4 Nf6 2.c4 e6 3.g3 d5 4.Bg2 Be7 5.Nf3 O-O 6.O-O dxc4 7.Qc2 a6 8.Qxc4 b5
9.Qc2 Bb7 10.Bd2 Be4 11.Qc1 Qc8 12.Bg5 c5 13.Nbd2 Bb7 14.dxc5 Qxc5 15.Nb3 Qb6
16.Rd1 Bd5 17.Be3 Qd8 18.Nfd4 Qe8 19.Nf5 Nbd7 20.Nxe7+ Qxe7 21.Bc5 Nxc5 22.Qxc5 Qxc5
23.Nxc5 Bxg2 24.Kxg2 Rfc8 25.Rac1 Kf8 26.Kf3  1/2-1/2

[Event "Varna"]
[Site "Varna"]
[Date "1983.??.??"]
[Round "9"]
[White "Espig, Lutz"]
[Black "Atanasov, Petko"]
[Result "1-0"]
[WhiteElo "2425"]
[BlackElo "2400"]

1.Nf3 Nf6 2.d4 d5 3.c4 e6 4.g3 Be7 5.Bg2 O-O 6.O-O Nbd7 7.Qc2 c5 8.cxd5 Nxd5
9.Nc3 Nxc3 10.bxc3 Qc7 11.Bf4 Bd6 12.Bxd6 Qxd6 13.Rfd1 Rb8 14.Ng5 g6 15.Qe4 h6
16.dxc5 Qe7 17.c6 bxc6 18.Nf3 c5 19.Qa4 a6 20.Qf4 Qf6 21.Qxh6 Qxc3 22.e4 Qf6
23.Qe3 Ne5 24.Nxe5 Qxe5 25.Rac1 Rb5 26.a4 Ra5 27.Rc4 Bb7 28.Rdc1 Rc8 29.Qe1 Qc7
30.h4 Rd8 31.Qe3 Qd7 32.Qg5 Qd2 33.Qe7 Bc6 34.h5 Rd7 35.Qf6 gxh5 36.Rxc5 Rxc5
37.Rxc5 Bb7 38.Kh2 Qd4 39.Rg5+ Kf8 40.e5 Qd1 41.Qh6+ Ke7 42.Rg8 Rd5 43.Qf8+  1-0

[Event "Varna"]
[Site "Varna"]
[Date "1983.??.??"]
[Round "11"]
[White "Inkiov, Ventzislav"]
[Black "Ortega, Lexy"]
[Result "1-0"]
[WhiteElo "2500"]
[BlackElo "2425"]

1.d4 Nf6 2.c4 e6 3.Nf3 d5 4.g3 Be7 5.Bg2 O-O 6.O-O b6 7.Ne5 Bb7 8.Nc3 Na6
9.cxd5 exd5 10.Bf4 c5 11.dxc5 bxc5 12.Nc4 Bc6 13.a3 Rc8 14.Ne5 Bb7 15.Qb3 Ba8
16.Rad1 c4 17.Qc2 Qa5 18.e4 dxe4 19.Nxe4 Bxe4 20.Bxe4 g5 21.Bb7 Rc7 22.Qf5 Qb6
23.Qxg5+ Kh8 24.Bxa6  1-0

[Event "Vrsac"]
[Site "Vrsac"]
[Date "1983.??.??"]
[Round "?"]
[White "Agzamov, Georgy"]
[Black "Gligoric, Svetozar"]
[Result "1-0"]
[WhiteElo "2535"]
[BlackElo "2505"]

1.d4 Nf6 2.c4 e6 3.g3 d5 4.Bg2 Be7 5.Nf3 O-O 6.O-O dxc4 7.Qc2 a6 8.Qxc4 b5
9.Qc2 Bb7 10.Bd2 Be4 11.Qc1 Nc6 12.Be3 Rc8 13.Nbd2 Bd5 14.Rd1 Ng4 15.Nb3 Nb4
16.Bd2 Nf6 17.Nc5 Nc6 18.Be3 Bxc5 19.Qxc5 Ne4 20.Qc2 Nb4 21.Qb1 Nf6 22.Bg5 h6
23.Bxf6 Qxf6 24.a3 Bxf3 25.Bxf3 Nd5 26.Qc2 Rfd8 27.Rac1 Rd6 28.Qc5 Nb6 29.Kg2 Na4
30.Qxd6 cxd6 31.Rxc8+ Kh7 32.b3 Nb6 33.Rc6 Qd8 34.Rdc1 Kg6 35.Rc7 Nc4 36.Ra7 Qb6
37.Rb7 Qxd4 38.bxc4 Qd2 39.Rb1 bxc4 40.Rc7 d5 41.e3 Kf6 42.Rbb7 Ke5 43.Rc6 Qa5
44.Rxf7 Qa4 45.Rfc7 Qxa3 46.Bg4 Ke4 47.Bxe6  1-0

[Event "Vrsac"]
[Site "Vrsac"]
[Date "1983.??.??"]
[Round "?"]
[White "Smejkal, Jan"]
[Black "Gligoric, Svetozar"]
[Result "1-0"]
[WhiteElo "2560"]
[BlackElo "2505"]

1.d4 Nf6 2.c4 e6 3.g3 d5 4.Nf3 Be7 5.Bg2 O-O 6.O-O dxc4 7.Qc2 a6 8.Qxc4 b5
9.Qc2 Bb7 10.Bd2 Be4 11.Qc1 Nc6 12.Be3 Rc8 13.Nbd2 Bd5 14.Rd1 Na5 15.Qc3 b4
16.Qd3 Bb7 17.Rac1 Ng4 18.Ne4 Nxe3 19.Qxe3 Bd5 20.b3 Nb7 21.Ne5 Qe8 22.Rc2 Nd6
23.Nc5 Nf5 24.Qd3 Bxg2 25.Kxg2 Rd8 26.e3 Bd6 27.Nf3 a5 28.Rdc1 Ne7 29.Nb7 Ra8
30.Ng5 Ng6 31.Ne4 Qb8 32.Qb5 Ne7 33.Nbxd6 cxd6 34.Qxb8 Rfxb8 35.Nxd6 Nd5
36.Ne4 h6 37.Nc5 Nc3 38.Na4 Nxa4 39.bxa4 Ra7 40.Rc7 Rbb7 41.Rxb7 Rxb7 42.Rc8+ Kh7
43.Rc5  1-0

[Event "Warsaw"]
[Site "Warsaw"]
[Date "1983.??.??"]
[Round "2"]
[White "Sygulski, Artur"]
[Black "Spassov, Liuben"]
[Result "1/2-1/2"]
[WhiteElo "2425"]
[BlackElo "2460"]

1.d4 Nf6 2.c4 e6 3.g3 d5 4.Bg2 Be7 5.Nf3 O-O 6.O-O dxc4 7.Ne5 Nc6 8.Nxc6 bxc6
9.Qa4 Qxd4 10.Nd2 Rb8 11.Qxc6 Bc5 12.e3 Qd6 13.Nxc4 Qxc6 14.Bxc6 Ba6 15.b3 Bxc4
16.bxc4 Rfd8 17.Bf3 h6 18.Rd1 Nd7 19.Be2 Nb6 20.Rxd8+ Rxd8 21.Rb1 Nxc4  1/2-1/2

[Event "FRG-ch"]
[Site "Bad Neuenahr"]
[Date "1984.??.??"]
[Round "?"]
[White "Kunsztowicz, Uwe"]
[Black "Grzesik, Thomas"]
[Result "1-0"]
[WhiteElo "2350"]
[BlackElo "2340"]

1.d4 d5 2.c4 e6 3.Nf3 Nf6 4.g3 Be7 5.Bg2 O-O 6.O-O c6 7.b3 Nbd7 8.Bb2 b6
9.Nbd2 Bb7 10.e3 Rc8 11.Qe2 Rc7 12.Rac1 c5 13.cxd5 exd5 14.Ne5 Bd6 15.Rfd1 Qe7
16.Ndf3 Rd8 17.Nxd7 Rcxd7 18.dxc5 bxc5 19.Nh4 Qe6 20.Qf1 g5 21.Nf3 Ne4 22.Nd2 Be7
23.Qe2 f5 24.Qh5 Qg6 25.Qxg6+ hxg6 26.Bf1 g4 27.Bb5 Rd6 28.Be5 Rb6 29.Nxe4 Rxb5
30.Nc3 Rb4 31.Bc7 Rd7 32.Ba5 Rb6 33.Bxb6 axb6 34.Rd2 Bf6 35.Na4 Rd6 36.a3 Kf7
37.b4 c4  1-0

[Event "URS-ch sf"]
[Site "Barnaul"]
[Date "1984.??.??"]
[Round "?"]
[White "Gorelov, Sergey G"]
[Black "Ilinsky, Vladimir"]
[Result "1-0"]
[WhiteElo "2445"]
[BlackElo "2200"]

1.d4 Nf6 2.c4 e6 3.g3 d5 4.Nf3 Be7 5.Bg2 O-O 6.O-O Nbd7 7.Qc2 c6 8.b3 b6
9.Rd1 Ba6 10.Nbd2 Rc8 11.e4 c5 12.exd5 exd5 13.Bb2 b5 14.cxd5 c4 15.bxc4 bxc4
16.Ne5 Nxd5 17.Nxf7 Qa5 18.Ne5 Rxf2 19.Kxf2 Nxe5 20.Kg1 Ne3 21.Qc3 Qxc3 22.Bxc3 Nxg2
23.Kxg2 Ng4 24.Re1 Bb7+ 25.Kg1 Bg5 26.Rab1 Bd5 27.Nf1 a6 28.Rb6 Rf8 29.Rd6 Bb7
30.Rd7 Bc6 31.Rc7 Bd5 32.Rc5 Rd8 33.h3 Nf6 34.Bd2 h6 35.Bxg5 hxg5 36.Ne3 Be6
37.d5 Bxh3 38.Rxc4 Re8 39.d6 Re5 40.g4 Bxg4 41.Rxg4 Nxg4 42.d7  1-0

[Event "URS-ch sf"]
[Site "Barnaul"]
[Date "1984.??.??"]
[Round "?"]
[White "Gorelov, Sergey G"]
[Black "Nenashev, Alexander"]
[Result "1/2-1/2"]
[WhiteElo "2445"]
[BlackElo "2200"]

1.d4 d5 2.Nf3 Nf6 3.c4 e6 4.g3 Be7 5.Bg2 O-O 6.O-O c6 7.Qc2 b6 8.b3 Bb7 9.Rd1 Na6
10.Nc3 Rc8 11.e4 Ne8 12.Bb2 Qc7 13.Qe2 Nf6 14.Rac1 Qd8 15.Ne5 Nc7 16.c5 Nd7
17.Nxd7 Qxd7 18.b4 Ba6 19.Qe3  1/2-1/2

[Event "Beersheba"]
[Site "Beersheba"]
[Date "1984.??.??"]
[Round "4"]
[White "Greenfeld, Alon"]
[Black "Liberzon, Vladimir M"]
[Result "1/2-1/2"]
[WhiteElo "2470"]
[BlackElo "2455"]

1.Nf3 Nf6 2.c4 e6 3.g3 d5 4.Bg2 Be7 5.d4 O-O 6.O-O Nbd7 7.Qc2 c6 8.b3 b6
9.Nbd2 Bb7 10.e4 c5 11.exd5 exd5 12.Bb2 Rc8 13.dxc5 Bxc5 14.Rad1 Qc7 15.Bh3 Rcd8
16.Rfe1 Rfe8 17.Qc3 Bf8 18.cxd5 Qxc3 19.Bxc3 Rxe1+ 20.Rxe1 Nxd5 21.Bd4 Nb4
22.Bf5 Nc5 23.a3 Nc6 24.Bxc5 Bxc5 25.b4 Bd6 26.Nc4 Bf8 27.Be4 b5 28.Nce5 Nxe5
29.Nxe5 Bxe4 30.Rxe4 Rd6 31.Re3 f6 32.Nd3 Kf7 33.Kg2 Rd4 34.Kf3 Bd6 35.Nc1 Be5
36.Nd3 Bd6 37.Nc1 Rc4 38.Nb3 Be5 39.Rd3 Ke7 40.Nc5 Rc3 41.Ke4 Rxd3 42.Nxd3 Ke6
43.Nxe5 fxe5 44.h3 g6 45.h4 Kd6 46.f4 exf4 47.Kxf4 h6 48.h5 gxh5 49.Kf5 Kd5
50.Kg6  1/2-1/2